000 00919nam0a22002771 4500
001 rc\4040765
005 20250611065504.0
021 _aRU
_b[54-48275]
035 _a(NLR Aleph) 008099089
090 _a9232452
_c9232452
100 _a20130415d1954 |||y0rusy50 ca
101 0 _arus
102 _aRU
105 _aag z |||||
200 1 _aИскусство балетмейстера
210 _aМосква
_cИскусство
_d1954
215 _a431 с.
_cил., нот. ил.
_d23
606 _aРусский балет
_2psbo
606 _aБалет
_2psbo
700 1 _7ca
_8rus
_aЗахаров
_bР. В.
_cд-р искусствоведения, балетмейстер
_f1907-1984
_gРостислав Владимирович
_9263387
_3RU\NLR\AUTH\770263443
801 0 _aRU
_bNLR
_gpsbo
801 1 _aRU
_bELAR
_2rusmarc
852 _aNLR
_jИс70 Г-5/124
942 _cBOOK
980 _aNB